ABBA - Paroles Super Trouper - Statistiques

Statistiques générales
  • Ce quiz a été pris 15 fois
  • Le résultat moyen est 306 sur 413
Statistiques - réponses
Hint Réponse % Correct
a
100%
Couplet 1 I
100%
Pré-refrain So,
100%
Bridge So
100%
Outro (Sup-p-per
100%
do
100%
feel
100%
I
100%
me
100%
so
100%
Intro Super
100%
(Sup-p-per
100%
the
100%
The
100%
Trouper
100%
Troup-p-per)
100%
you
100%
always
85%
Pré-refrain There
85%
in
85%
lights
85%
Lights
85%
Like
85%
like
85%
there
85%
When
85%
when
85%
are
77%
be)
77%
be
77%
blue
77%
gonna
77%
night
77%
of
77%
on
77%
somewhere
77%
there's
77%
was
77%
won't
77%
All
69%
and
69%
(And
69%
And
69%
But
69%
called
69%
'Cause
69%
Feeling
69%
find
69%
from
69%
Glasgow
69%
number
69%
one
69%
crowd,
62%
every
62%
everything
62%
everything)
62%
Everything
62%
fun
62%
I'm
62%
last
62%
Smilin',
62%
Still,
62%
(Still,
62%
still
62%
sun
62%
tired
62%
your
62%
alive
54%
can
54%
havin'
54%
How
54%
Shinin'
54%
sick
54%
that
54%
to
54%
about
46%
alright
46%
arms
46%
arrive
46%
blind
46%
different
46%
Refrain Tonight,
46%
hold
46%
I'll
46%
is
46%
it's
46%
mean
46%
show
46%
show)
46%
stage
46%
success
46%
tonight
46%
Tonight,
46%
Wishin'
46%
(Wishin'
46%
anyone
38%
beams
38%
comin'
38%
comin')
38%
glad
38%
(glad
38%
hear
38%
know
38%
lonely?
38%
much
38%
never
38%
sing
38%
sleep
38%
take
38%
tight
38%
will
38%
crazy
31%
crazy)
31%
eat
31%
ends
31%
goin'
31%
imagine
31%
only
31%
only)
31%
prove
31%
sight
31%
soon
31%
Suddenly,
31%
suddenly,
31%
think
31%
(think
31%
friends
23%
moments
23%
Part
23%
thinkin'
23%
you're
23%
changing
15%
(You'll
15%
20 000
8%
Pré-refrain Facing
8%
Aucun quiz correspondant
Distribution des résultats
% des personnes avec chaque résultat
Percentile par nombre de réponses
Votre historique - résultats
Vous n’avez pas pris ce quiz